Marvel Comics: 100 Tiny Villains Quiz Stats

Quiz not verified by Sporcle

Challenge
Share
Tweet
Score 0/100 Timer 08:00
4 Plays Today
% Correct
Venom
94.8%
Magneto
94.6%
Green
Goblin
93.9%
Dr. Octopus
92.9%
Dr. Doom
91.6%
Loki
91.5%
Red Skull
91%
Lizard
90.6%
Juggernaut
90.2%
Thanos
89.9%
Kingpin
89.8%
Mystique
89.7%
Sandman
87.9%
Rhino
85.7%
Carnage
83.8%
Sabretooth
83.8%
Scorpion
81.9%
Mysterio
81%
Electro
81%
Hela
80.8%
Hobgoblin
79.7%
Blob
79.6%
Apocalypse
79.6%
Vulture
78.8%
M.O.D.O.K.
78.1%
Ultron
76.4%
Crossbones
76.2%
Bullseye
75.6%
Shocker
75.5%
Ronan
74.4%
Abomination
74.1%
Kraven
72%
Mr. Sinister
69.6%
Silver
Samurai
69.5%
% Correct
Dormammu
68%
Purple Man
67.4%
Deathstrike
67%
Enchantress
67%
Taskmaster
67%
Leader
67%
Mephisto
66.7%
Pyro
66.2%
Mole Man
65.6%
Baron Zemo
65.1%
Super Skrull
64.8%
Mandarin
64.6%
Kang
64%
Absorbing
Man
62.5%
Whiplash
60.2%
Mad Jack
59.7%
Shaw
58.4%
Toad
58.1%
Wendigo
58%
Arnim Zola
57.1%
Morbius
57%
Klaw
56.6%
Viper
55.2%
Sauron
54.3%
Baron Mordo
54.2%
Onslaught
53.5%
Annihilus
52.9%
Beetle
52.7%
Avalanche
52.2%
Puppet
Master
51.4%
Blackheart
50.9%
Chameleon
50.6%
Grey
Gargoyle
50.5%
Executioner
50%
% Correct
Stryfe
49.8%
Wrecker
49.7%
Arcade
49.5%
Radioactive
Man
48.7%
Wizard
47.5%
Tiger Shark
46.9%
Jackal
46.9%
Batroc
46.5%
Grim Reaper
46.2%
Swordsman
45.3%
Crimson
Dynamo
45%
Dragon Man
43.1%
Callisto
43.1%
Thunderball
42.6%
Whirlwind
42.3%
High
Evolutionary
41.3%
Scarecrow
41.2%
Man-Wolf
40.7%
Nightmare
40.4%
Terrax
40.3%
The Hood
39.8%
Man-Ape
37.7%
Madame
Masque
37.2%
Piledriver
35.2%
Titania
33.3%
Dracula
31.7%
Molecule Man
30.9%
Bulldozer
30.8%
King Cobra
30.5%
Awesome
Android
28.2%
Jester
23%
Porcupine
22.8%

You're not logged in!

Compare scores with friends on all Sporcle quizzes.
Join for Free
OR
Log In

You Might Also Like...

Show Comments

Extras

Top Quizzes Today


Score Distribution

Your Account Isn't Verified!

In order to create a playlist on Sporcle, you need to verify the email address you used during registration. Go to your Sporcle Settings to finish the process.

Report this User

Report this user for behavior that violates our Community Guidelines.

Details: